00262nam a2200097Ia 4500008004100000100001600041245004400057260003200101300000800133650002300141191201s2018 xx 000 0 und d aMURUGESH, N 0aHealth education and community pharmacy bSathya pubaNew delhic2018 a235 aCommunity Pharmacy